| 000 | 00762nam a22002177a 4500 | ||
|---|---|---|---|
| 003 | UA-OsUOA | ||
| 001 | 68025 | ||
| 007 | ta | ||
| 008 | 20100325b un ||||| |||| 00| 0 ukr d | ||
| 100 | _aЖелюк Т. | ||
| 090 |
_a330(477) _bЖ52 |
||
| 942 | _cSA | ||
| 040 |
_aUA-OsUOA _bukr _cUA-OsUOA _dUA-OsUOA |
||
| 245 | _aКонцептуальні засади управління довгостроковим розвитком України: національна модель та глобальні виклики | ||
| 300 | _aС.371 | ||
| 955 | _a0 | ||
| 041 | _aukr | ||
| 080 | _a330(477) | ||
| 773 | 0 |
_w68023 _tЖурнал європейської економіки _dТернопіль _d2009 _g4 |
|
| 650 | 7 |
_a330 Економіка взагалі _2UDC |
|
| 999 |
_c354158 _d354158 |
||